000 00734nam a2200253Ia 4500
999 _c35650
_d35650
001 1522
003 GE_BSU
005 20240528120959.0
008 181216s1988||||enk|||||||||||||| ||eng||
020 _a0723429189x
040 _cGE_BSU
080 _a616-097 R-66
100 _aRoitt, Ivan. Brostoff Jonathan. Male, David
_922196
245 _aImmunology /
_cRoitt, Ivan. Brostoff Jonathan. Male, David
245 _bFifth Edition
264 _aLondon,
_c1988
300 _a423 p.
541 _h25Gel.
653 _aიმუნოლოგია
653 _aმედიცინა
700 _aBrostoff, Jonathan
_eავტორი
_922197
700 _aMale, David
_eავტორი
_922198
942 _cBK
_2udc